| 000 | 00644nam a2200205Ia 4500 | ||
|---|---|---|---|
| 003 | GCL | ||
| 008 | 140319s9999 xx 000 0 ara d | ||
| 040 |
_aGCL / _cGCL |
||
| 082 | 0 | 4 |
_a810.9 _bا ش |
| 100 | 1 | _aاسماعيل الصيفى | |
| 245 | 1 | 0 |
_aشخصية الأدب العربى وخطوات فى نقد الشعر والمسرح والقصة / _cاسماعيل الصيفى |
| 300 | _a355 | ||
| 490 |
_aكتاب _v0 |
||
| 650 | 0 | 4 | _aالشعر العربى |
| 650 | 0 | 4 | _aالادب العربى |
| 650 | 0 | 4 | _aالقصص العربية |
| 650 | 0 | 4 | _aالمسرح العربى |
| 650 | 0 | 4 | _aتاريخ ونقد |
| 942 |
_2ddc _cBK |
||
| 999 |
_c43250 _d43250 |
||